| 000 | 00311 a2200121 4500 | ||
|---|---|---|---|
| 001 | 58539 | ||
| 082 | _a530.1 DAV | ||
| 090 |
_c35912 _d35912 |
||
| 100 | _aDavid Wu | ||
| 245 | _aIntroduction to modern statistical mechanics ; solutions manual | ||
| 260 |
_aNY _bOxford Universitry Press _c1988 |
||
| 600 | _adavid Chandler | ||
| 942 | _aNUST-CAE | ||
| 999 |
_c293612 _d293612 |
||